00473nam a22001577a 450000500170000001000150001702000110003203500140004303700130005708200140007010000190008424500640010326000420016727000850020930000210029420230317171311.0 aENG-135683 c300.00 aEN-119215 bDBAD/PUB a320.95431 aR. Krishnasamy aCompassionate ground appointment scheme/cBy R. Krishnasamy aSivakasi WestbR.K.Publicationsc2016 aNo.2/789-A6, Sri Sastha Mani illam, Laxmi Nagar, Reserve LinebNew Delhie626124 a187p.c22cm(pbk)